[Event "FIN-ch"]
[Site "Helsinki"]
[Date "2025.04.26"]
[Round "9"]
[White "Ronka, Erik"]
[Black "Koykka, Pekka"]
[Result "1/2-1/2"]
[WhiteElo "2295"]
[BlackElo "2351"]
[PlyCount "171"]
[EventDate "2025.04.18"]
[EventType "tourn"]
[EventRounds "9"]
[EventCountry "FIN"]
[EventCategory "3"]
[SourceTitle "CB18_2025"]
[SourceDate "2025.04.30"]
[SourceVersion "1"]
[SourceVersionDate "2025.04.30"]
[SourceQuality "1"]

1. e4 d6 2. d4 Nf6 3. Bd3 e5 4. Nf3 Nc6 5. d5 Ne7 6. c4 Ng6 7. Nc3 Be7 8. h3 0-0 9. g3 c6 10. Be3 cxd5 11. cxd5 Bd7 12. Kf1 b5 13. a3 Qb8 14. Kg2 Bd8 15. Qe2 a6 16. Rhc1 Qc8 17. Ng1 Qb7 18. b4 Bb6 19. Nd1 Ne8 20. Bxb6 Qxb6 21. Ne3 Ne7 22. Nf3 Qb7 23. Rc3 Nf6 24. Rac1 Rfc8 25. Qb2 h6 26. Nd2 Ne8 27. Nb3 Rxc3 28. Rxc3 Rc8 29. Na5 Qb6 30. Rxc8 Nxc8 31. Qc3 Ne7 32. Be2 Nf6 33. f3 Ne8 34. f4 exf4 35. gxf4 Ng6 36. Kg3 Nf6 37. Bf3 Ne7 38. Nb3 Ne8 39. Nd4 Kf8 40. e5 dxe5 41. fxe5 Qg6+ 42. Kf2 Qg5 43. Nb3 Bxh3 44. Nc5 Ng6 45. Nd3 Bf5 46. Nxf5 Qxf5 47. Qd4 Nh4 48. Ne1 g5 49. Ke2 Nxf3 50. Nxf3 Ng7 51. Nd2 Nh5 52. d6 Nf4+ 53. Kd1 Ne6 54. d7 Ke7 55. Qd6+ Kd8 56. Qxa6 Qg4+ 57. Kc1 Qg1+ 58. Kc2 Kxd7 59. Qxb5+ Ke7 60. Qb7+ Kf8 61. a4 g4 62. a5 Nd4+ 63. Kd3 Nf3 64. Nxf3 Qf1+ 65. Ke3 gxf3 66. Qc8+ Kg7 67. Qg4+ Kf8 68. Qxf3 Qe1+ 69. Kd3 Qxb4 70. Qd5 Qb1+ 71. Kc3 Qc1+ 72. Kb4 Qb2+ 73. Kc5 Qa3+ 74. Kb6 Kg7 75. a6 Qb4+ 76. Qb5 Qd4+ 77. Kb7 Qe4+ 78. Kb8 Qd4 79. a7 Qd8+ 80. Kb7 Qe7+ 81. Kb6 Qd8+ 82. Ka6 Qc8+ 83. Ka5 Qc7+ 84. Ka6 Qc8+ 85. Kb6 Qd8+ 86. Ka6 1/2-1/2

[Event "FIN-ch"]
[Site "Helsinki"]
[Date "2025.04.24"]
[Round "7"]
[White "Lahdelma, Henri"]
[Black "Ronka, Erik"]
[Result "1/2-1/2"]
[WhiteElo "2297"]
[BlackElo "2295"]
[PlyCount "110"]
[EventDate "2025.04.18"]
[EventType "tourn"]
[EventRounds "9"]
[EventCountry "FIN"]
[EventCategory "3"]
[SourceTitle "CB18_2025"]
[SourceDate "2025.04.30"]
[SourceVersion "1"]
[SourceVersionDate "2025.04.30"]
[SourceQuality "1"]

1. c4 c6 2. Nc3 d5 3. e3 Nf6 4. Nf3 Nbd7 5. d4 e6 6. Qc2 Bd6 7. b3 0-0 8. Be2 b6 9. 0-0 Bb7 10. Rd1 Qe7 11. Bb2 Rfd8 12. Rac1 Rac8 13. Qb1 a6 14. Bd3 c5 15. cxd5 exd5 16. Bf5 c4 17. bxc4 dxc4 18. e4 Bf4 19. e5 Nd5 20. Nxd5 Bxd5 21. Rc3 g6 22. Ba3 Qe8 23. Be4 Qe6 24. Bxd5 Qxd5 25. Be7 Re8 26. Bg5 Bxg5 27. Nxg5 f6 28. Ne4 Rf8 29. Re3 Rce8 30. Nc3 Qf7 31. Rf3 Qe6 32. exf6 Nxf6 33. d5 Qd6 34. h3 b5 35. a3 Nd7 36. Ne4 Qe5 37. Re3 Qf5 38. d6 Nc5 39. f3 Qf4 40. Ree1 Nxe4 41. fxe4 Re5 42. d7 Rd8 43. Qb4 Rxe4 44. Rxe4 Qxe4 45. Kh1 Qe6 46. Qc5 Kg7 47. Rd6 Qf5 48. Qd4+ Kf7 49. Rd5 Qf6 50. Re5 c3 51. Qd5+ Kg7 52. Qd4 Kf7 53. Qd5+ Kg7 54. Qd4 Kf7 55. Qd5+ Kg7 1/2-1/2

[Event "FIN-ch"]
[Site "Helsinki"]
[Date "2025.04.19"]
[Round "2"]
[White "Ronka, Erik"]
[Black "Agopov, Mikael"]
[Result "1-0"]
[WhiteElo "2295"]
[BlackElo "2420"]
[PlyCount "79"]
[EventDate "2025.04.18"]
[EventType "tourn"]
[EventRounds "9"]
[EventCountry "FIN"]
[EventCategory "3"]
[SourceTitle "CB18_2025"]
[SourceDate "2025.04.30"]
[SourceVersion "1"]
[SourceVersionDate "2025.04.30"]
[SourceQuality "1"]

1. e4 c5 2. Nf3 d6 3. Bb5+ Bd7 4. Bxd7+ Qxd7 5. 0-0 Nf6 6. Re1 Nc6 7. c3 e6 8. d4 cxd4 9. cxd4 d5 10. e5 Ne4 11. a3 Be7 12. Nbd2 Nxd2 13. Bxd2 0-0 14. Rc1 Rfc8 15. Rc3 Bd8 16. Rd3 Ne7 17. h4 Qc6 18. h5 h6 19. Bc3 a5 20. Nh4 Nf5 21. Nxf5 exf5 22. Rf3 Qe6 23. Qd3 Be7 24. Qxf5 b5 25. Qd3 b4 26. axb4 axb4 27. Bd2 Rc4 28. b3 Rc6 29. Rfe3 Ra2 30. R3e2 Rcc2 31. f3 Bh4 32. Bf4 Rc3 33. Qb5 Rxe2 34. Rxe2 Qf5 35. Qxb4 Qb1+ 36. Kh2 Rxb3 37. Qd2 Rd3 38. Qc2 Qxc2 39. Rxc2 Rxd4 40. g3 1-0

[Event "Reykjavik op"]
[Site "Reykjavik"]
[Date "2025.04.13"]
[Round "6"]
[White "Ronka, Erik"]
[Black "Arndt, Uwe"]
[Result "0-1"]
[WhiteElo "2295"]
[BlackElo "1956"]
[PlyCount "74"]
[EventDate "2025.04.09"]
[EventType "swiss"]
[EventRounds "9"]
[EventCountry "ISL"]
[SourceTitle "CB17_2025"]
[SourceDate "2025.04.23"]
[SourceVersion "1"]
[SourceVersionDate "2025.04.23"]
[SourceQuality "1"]

1. e4 c6 2. d4 d5 3. e5 Bf5 4. Nc3 e6 5. g4 Bg6 6. Nge2 Ne7 7. Ng3 Nd7 8. f4 f5 9. exf6 gxf6 10. Bg2 e5 11. Nce2 Qa5+ 12. c3 0-0-0 13. 0-0 h6 14. Be3 Bg7 15. Qd2 h5 16. gxh5 Bxh5 17. fxe5 fxe5 18. Bg5 Bf8 19. Rxf8 Rdxf8 20. Bxe7 Re8 21. Bg5 exd4 22. Nxd4 Bg6 23. Bf4 Nf6 24. Ngf5 Bxf5 25. Nxf5 Kd7 26. Nd4 Qc5 27. Qd3 Ne4 28. Rf1 Reg8 29. Kh1 Qe7 30. c4 Qh7 31. Qb3 Kc8 32. Qe3 Qg6 33. Bh3+ Kd8 34. cxd5 Rxh3 35. Ne6+ Kc8 36. Qe2 Nf2+ 37. Qxf2 Qe4+ 0-1

[Event "Reykjavik op"]
[Site "Reykjavik"]
[Date "2025.04.11"]
[Round "4"]
[White "Ronka, Erik"]
[Black "Heppert, Lars"]
[Result "1-0"]
[WhiteElo "2295"]
[BlackElo "1949"]
[PlyCount "37"]
[EventDate "2025.04.09"]
[EventType "swiss"]
[EventRounds "9"]
[EventCountry "ISL"]
[SourceTitle "CB17_2025"]
[SourceDate "2025.04.23"]
[SourceVersion "1"]
[SourceVersionDate "2025.04.23"]
[SourceQuality "1"]

1. e4 c6 2. d4 d5 3. Nd2 dxe4 4. Nxe4 Nf6 5. Nxf6+ exf6 6. Be3 Bd6 7. Bd3 0-0 8. Ne2 Re8 9. 0-0 Bg4 10. c4 f5 11. h3 Qh4 12. Re1 f4 13. Bxf4 Rxe2 14. Bxe2 Bxe2 15. Bxd6 Nd7 16. Qxe2 Nf6 17. Be7 h6 18. Bxf6 Qxf6 19. Qe5 1-0

[Event "Reykjavik op"]
[Site "Reykjavik"]
[Date "2025.04.10"]
[Round "2"]
[White "Ronka, Erik"]
[Black "Kadric, Denis"]
[Result "1/2-1/2"]
[WhiteElo "2295"]
[BlackElo "2533"]
[PlyCount "45"]
[EventDate "2025.04.09"]
[EventType "swiss"]
[EventRounds "9"]
[EventCountry "ISL"]
[SourceTitle "CB17_2025"]
[SourceDate "2025.04.23"]
[SourceVersion "1"]
[SourceVersionDate "2025.04.23"]
[SourceQuality "1"]

1. e4 d6 2. d4 Nf6 3. Nc3 e5 4. dxe5 dxe5 5. Qxd8+ Kxd8 6. Bg5 Nbd7 7. 0-0-0 c6 8. Bc4 Ke8 9. Nf3 Bb4 10. a3 Ba5 11. h3 b5 12. Nxb5 cxb5 13. Bxb5 Bc7 14. Bxf6 gxf6 15. Nh4 Rb8 16. Ba4 Rb6 17. Nf5 Ra6 18. Bb5 Ra5 19. Bc6 Ra6 20. Bb5 Ra5 21. Bc6 Ra6 22. Bb5 Ra5 23. Bc6 1/2-1/2

[Event "Reykjavik op"]
[Site "Reykjavik"]
[Date "2025.04.09"]
[Round "1"]
[White "Pisan, Kai"]
[Black "Ronka, Erik"]
[Result "0-1"]
[WhiteElo "2020"]
[BlackElo "2295"]
[PlyCount "120"]
[EventDate "2025.04.09"]
[EventType "swiss"]
[EventRounds "9"]
[EventCountry "ISL"]
[SourceTitle "CB17_2025"]
[SourceDate "2025.04.23"]
[SourceVersion "1"]
[SourceVersionDate "2025.04.23"]
[SourceQuality "1"]

1. e4 c5 2. Nf3 e6 3. d4 cxd4 4. Nxd4 Nf6 5. Nc3 Nc6 6. Ndb5 Bc5 7. Bf4 0-0 8. Bd6 Bxd6 9. Qxd6 Qb6 10. Qd2 d5 11. exd5 exd5 12. 0-0-0 Be6 13. Nd4 Rfd8 14. f3 Rac8 15. Be2 a6 16. Rhe1 Qc7 17. g3 b5 18. Nxc6 Qxc6 19. Qd4 Rb8 20. Bd3 b4 21. Ne2 a5 22. Kb1 a4 23. b3 Qc7 24. Nf4 Re8 25. Re2 axb3 26. cxb3 Qb6 27. Bc2 Qxd4 28. Rxd4 Rb5 29. Bd3 Rbb8 30. h4 Kf8 31. g4 h6 32. g5 hxg5 33. hxg5 Ng8 34. Nxd5 Red8 35. Bc4 Ne7 36. Nxe7 Rxd4 37. Nc6 Bf5+ 38. Kb2 Rd1 39. a4 bxa3+ 40. Kxa3 Rc8 41. Ne5 f6 42. gxf6 gxf6 43. Ng4 Bxg4 44. fxg4 Rd4 45. Rh2 Rc6 46. Rh8+ Kg7 47. Re8 Kh6 48. Be6 Re4 49. Rh8+ Kg5 50. Rg8+ Kf4 51. Bf7 Rd6 52. Bc4 Rb6 53. Bf7 Re3 54. Bc4 Rg3 55. Bf7 Rgxb3+ 56. Ka2 Rb2+ 57. Ka1 Rb1+ 58. Ka2 R6b2+ 59. Ka3 Rb7 60. Ka2 R1b6 0-1

[Event "Titled Tuesday intern op 11th Feb Early"]
[Site "Chess.com INT"]
[Date "2025.02.11"]
[Round "6"]
[White "Ronka, Erik"]
[Black "Barria Zuniga, Daniel"]
[Result "0-1"]
[WhiteElo "2255"]
[BlackElo "2341"]
[PlyCount "68"]
[EventDate "2025.02.11"]
[EventType "swiss (blitz)"]
[EventRounds "11"]
[EventCountry "USA"]
[SourceTitle "CB09_2025"]
[SourceDate "2025.02.27"]
[SourceVersion "1"]
[SourceVersionDate "2025.02.27"]
[SourceQuality "1"]

1. e4 e6 2. Ne2 d5 3. d3 c5 4. Nd2 Nc6 5. g3 g6 6. Bg2 Bg7 7. 0-0 Nge7 8. Rb1 0-0 9. a3 a5 10. c3 a4 11. f4 b6 12. Nf3 dxe4 13. dxe4 Ba6 14. Bd2 Bd3 15. Rc1 Bxe4 16. Qe1 Na5 17. Rd1 Qc7 18. g4 Rad8 19. Ng3 Bc2 20. Rc1 Bd3 21. Rf2 Nb3 22. f5 exf5 23. gxf5 Nxf5 24. Nxf5 Bxf5 25. Nh4 Rfe8 26. Qf1 Bd3 27. Re2 Bxe2 28. Kh1 Bxf1 29. Nf5 gxf5 30. Bg5 Nxc1 31. h4 Bxg2+ 32. Kg1 Ba8 33. Bxd8 Qg3+ 34. Kf1 Re1# 0-1

[Event "Titled Tuesday intern op 04th Feb Early"]
[Site "Chess.com INT"]
[Date "2025.02.04"]
[Round "7"]
[White "Andrade, Ivan"]
[Black "Ronka, Erik"]
[Result "1-0"]
[WhiteElo "2161"]
[BlackElo "2255"]
[PlyCount "85"]
[EventDate "2025.02.04"]
[EventType "swiss (blitz)"]
[EventRounds "11"]
[EventCountry "USA"]
[SourceTitle "CB07_2025"]
[SourceDate "2025.02.12"]
[SourceVersion "1"]
[SourceVersionDate "2025.02.12"]
[SourceQuality "1"]

1. e4 c5 2. Nf3 b6 3. d4 cxd4 4. Nxd4 Bb7 5. f3 e6 6. c4 d5 7. cxd5 exd5 8. exd5 Nf6 9. Bb5+ Nbd7 10. Nc6 Qc7 11. Qe2+ Ne5 12. Qxe5+ Qxe5+ 13. Nxe5+ Ke7 14. d6+ Ke6 15. f4 Bxd6 16. Bc4+ Bd5 17. Bxd5+ Nxd5 18. 0-0 Rac8 19. Re1 Kf6 20. Nc3 Nxc3 21. bxc3 Rxc3 22. Bb2 Rc2 23. Nc4+ Kg6 24. f5+ Kh5 25. Bxg7 Bc5+ 26. Kh1 Rg8 27. f6 Rxc4 28. Rad1 Rd4 29. Rxd4 Bxd4 30. Re4 Rc8 31. g4+ Kh4 32. Rxd4 Rc1+ 33. Kg2 Rc2+ 34. Kf3 Rxa2 35. Rd7 Kg5 36. Rxf7 Kg6 37. Re7 Ra1 38. h4 h6 39. h5+ Kh7 40. Re8 Rf1+ 41. Ke2 Re1+ 42. Kxe1 b5 43. Rh8# 1-0

[Event "Titled Tuesday intern op 04th Feb Late"]
[Site "Chess.com INT"]
[Date "2025.02.04"]
[Round "9"]
[White "Qin, Kevin"]
[Black "Ronka, Erik"]
[Result "1-0"]
[WhiteElo "2017"]
[BlackElo "2255"]
[PlyCount "47"]
[EventDate "2025.02.04"]
[EventType "swiss (blitz)"]
[EventRounds "11"]
[EventCountry "USA"]
[SourceTitle "CB07_2025"]
[SourceDate "2025.02.12"]
[SourceVersion "1"]
[SourceVersionDate "2025.02.12"]
[SourceQuality "1"]

1. c4 e6 2. Nc3 d5 3. d4 Nf6 4. cxd5 Nxd5 5. e4 Nxc3 6. bxc3 c5 7. Nf3 cxd4 8. cxd4 Bb4+ 9. Bd2 Bxd2+ 10. Qxd2 0-0 11. Bd3 b6 12. 0-0 Bb7 13. Rfd1 Nd7 14. Qf4 Rc8 15. e5 Re8 16. Ng5 Qe7 17. Bxh7+ Kf8 18. Qh4 f6 19. Bg6 Qb4 20. Qh8+ Ke7 21. Qxg7+ Kd8 22. Bxe8 Kxe8 23. Qf7+ Kd8 24. Nxe6# 1-0

[Event "Titled Tuesday intern op 04th Feb Late"]
[Site "Chess.com INT"]
[Date "2025.02.04"]
[Round "8"]
[White "Ronka, Erik"]
[Black "Romero Ruscalleda, Josep"]
[Result "0-1"]
[WhiteElo "2255"]
[BlackElo "2161"]
[PlyCount "90"]
[EventDate "2025.02.04"]
[EventType "swiss (blitz)"]
[EventRounds "11"]
[EventCountry "USA"]
[SourceTitle "CB07_2025"]
[SourceDate "2025.02.12"]
[SourceVersion "1"]
[SourceVersionDate "2025.02.12"]
[SourceQuality "1"]

1. e4 g6 2. d4 Bg7 3. Nf3 d6 4. Bc4 Nf6 5. Qe2 0-0 6. e5 dxe5 7. dxe5 Nd5 8. 0-0 c6 9. Rd1 Be6 10. Nd4 Qc8 11. Nxe6 Qxe6 12. f4 Nd7 13. Nc3 N7b6 14. Bb3 Nxc3 15. bxc3 Nd5 16. c4 Nc3 17. Qe1 Nxd1 18. Qxd1 Rfd8 19. Qe2 c5 20. Be3 b6 21. Qf3 Rac8 22. g4 f6 23. c3 fxe5 24. f5 e4 25. Qf2 Qe5 26. Rf1 Rf8 27. Ba4 Rcd8 28. Bc2 Qxc3 29. Bxe4 Qxe3 30. Bd5+ Kh8 31. Qxe3 Bd4 32. Qxd4+ cxd4 33. Kg2 d3 34. Rd1 gxf5 35. gxf5 Rxf5 36. Kg3 e6 37. Bxe6 Rf6 38. Bd5 b5 39. a3 bxc4 40. Bxc4 Rc6 41. Bb5 Rc3 42. a4 d2+ 43. Kf4 Rc1 44. Be2 Rxd1 45. Bxd1 Re8 0-1

[Event "Titled Tuesday intern op 04th Feb Early"]
[Site "Chess.com INT"]
[Date "2025.02.04"]
[Round "8"]
[White "Ronka, Erik"]
[Black "Tarnowska, Aleksandra"]
[Result "1-0"]
[WhiteElo "2255"]
[BlackElo "1882"]
[PlyCount "79"]
[EventDate "2025.02.04"]
[EventType "swiss (blitz)"]
[EventRounds "11"]
[EventCountry "USA"]
[SourceTitle "CB07_2025"]
[SourceDate "2025.02.12"]
[SourceVersion "1"]
[SourceVersionDate "2025.02.12"]
[SourceQuality "1"]

1. Nf3 d5 2. e3 e6 3. b3 Nf6 4. Bb2 b6 5. c4 Bb7 6. Nc3 c6 7. Qc2 Nbd7 8. Be2 Bd6 9. 0-0 0-0 10. d4 c5 11. cxd5 exd5 12. Rfd1 Rc8 13. Rac1 Bb8 14. Qb1 Qe7 15. Qa1 Rfd8 16. h3 Nf8 17. dxc5 bxc5 18. a4 Ng6 19. Rc2 a6 20. Rcd2 Qc7 21. Kf1 d4 22. exd4 Bxf3 23. Bxf3 Qh2 24. g3 cxd4 25. Bg2 Ne5 26. Ne2 d3 27. Nf4 Ned7 28. Rxd3 Bxf4 29. Bxf6 gxf6 30. Qa3 Re8 31. Rxd7 Be5 32. Qb4 Rc2 33. Qg4+ Kf8 34. Qf3 Kg7 35. h4 Kf8 36. h5 h6 37. Rd8 Rxd8 38. Rxd8+ Ke7 39. Rd1 Rb2 40. Qd5 1-0

[Event "Titled Tuesday intern op 28th Jan Early"]
[Site "Chess.com INT"]
[Date "2025.01.28"]
[Round "11"]
[White "Ronka, Erik"]
[Black "Vinod, R Sharna"]
[Result "1-0"]
[WhiteElo "2263"]
[BlackElo "2105"]
[PlyCount "79"]
[EventDate "2025.01.28"]
[EventType "swiss (blitz)"]
[EventRounds "11"]
[EventCountry "USA"]
[SourceTitle "CB06_2025"]
[SourceDate "2025.02.05"]
[SourceVersion "1"]
[SourceVersionDate "2025.02.05"]
[SourceQuality "1"]

1. e4 c5 2. a3 g6 3. b4 Bg7 4. Nc3 b6 5. g3 Bb7 6. Bg2 Nc6 7. Rb1 Rb8 8. Nge2 d6 9. 0-0 Nf6 10. d4 cxd4 11. Nxd4 Nxd4 12. Qxd4 0-0 13. Qd3 Rc8 14. Bb2 Qc7 15. Rbc1 a6 16. Rfd1 Nd7 17. Nd5 Bxd5 18. Bxg7 Kxg7 19. exd5 Qc3 20. Qxa6 Ra8 21. Qb7 Rfd8 22. Bh3 Ne5 23. Qxe7 Qxa3 24. c3 Qb2 25. Bg2 Rd7 26. Qg5 Ra2 27. Qe3 b5 28. Rf1 Nc4 29. Qd4+ f6 30. Rb1 Qe2 31. Rbe1 Qd2 32. Qg4 Rf7 33. h4 Ne5 34. Qe4 Qxc3 35. h5 f5 36. Qf4 Rb2 37. h6+ Kg8 38. Qg5 Rf8 39. Qe7 Nf7 40. Re6 1-0

[Event "Titled Tuesday intern op 07th Jan Early"]
[Site "Chess.com INT"]
[Date "2025.01.07"]
[Round "4"]
[White "Antunes, Luciano Justi"]
[Black "Ronka, Erik"]
[Result "0-1"]
[WhiteElo "2045"]
[BlackElo "2263"]
[PlyCount "78"]
[EventDate "2025.01.07"]
[EventType "swiss (blitz)"]
[EventRounds "11"]
[EventCountry "USA"]
[SourceTitle "CB03_2025"]
[SourceDate "2025.01.15"]
[SourceVersion "1"]
[SourceVersionDate "2025.01.15"]
[SourceQuality "1"]

1. e4 c6 2. d4 d5 3. e5 Bf5 4. h4 h5 5. Bg5 Qb6 6. Bd3 Bxd3 7. Qxd3 e6 8. Nd2 Nh6 9. Bxh6 Rxh6 10. Ne2 Be7 11. g3 Na6 12. c3 Nc7 13. b4 Qb5 14. Qe3 a5 15. a4 Qb6 16. bxa5 Rxa5 17. 0-0 Rh8 18. Rfb1 Qa7 19. c4 g6 20. Nc3 Kf8 21. c5 Kg7 22. Nb3 Ra6 23. a5 Qb8 24. Na4 Nb5 25. Nb6 Qc7 26. f4 Bd8 27. Rf1 Qe7 28. Nc8 Qd7 29. Nd6 Na7 30. Rfb1 Nc8 31. Qc3 Ne7 32. Nd2 Nf5 33. Rxb7 Bc7 34. Nb3 Rha8 35. Kg2 Qd8 36. Qb4 Ne3+ 37. Kf3 Nc2 38. Qa4 Nxa1 39. Qxa1 R6a7 0-1

[Event "Titled Tuesday intern op 07th Jan Early"]
[Site "Chess.com INT"]
[Date "2025.01.07"]
[Round "8"]
[White "Ronka, Erik"]
[Black "Gusev, Mikhail"]
[Result "0-1"]
[WhiteElo "2263"]
[BlackElo "2273"]
[PlyCount "114"]
[EventDate "2025.01.07"]
[EventType "swiss (blitz)"]
[EventRounds "11"]
[EventCountry "USA"]
[SourceTitle "CB03_2025"]
[SourceDate "2025.01.15"]
[SourceVersion "1"]
[SourceVersionDate "2025.01.15"]
[SourceQuality "1"]

1. d4 Nf6 2. c4 c5 3. d5 b5 4. cxb5 a6 5. f3 axb5 6. e4 d6 7. Bxb5+ Nbd7 8. Ne2 g6 9. 0-0 Bg7 10. Nec3 Ba6 11. a4 Bxb5 12. Nxb5 0-0 13. N1c3 Qa5 14. Bd2 Rfb8 15. Qc2 Ne5 16. b3 Nfd7 17. Kh1 c4 18. Rab1 cxb3 19. Qxb3 Nc5 20. Qb4 Qxb4 21. Rxb4 Ned3 22. Rc4 Nb2 23. Rb4 Nbd3 24. Rbb1 Nxa4 25. Nxa4 Rxa4 26. Nc3 Rab4 27. Rxb4 Rxb4 28. Nd1 Rb1 29. Ne3 Rb2 30. Ba5 Bd4 31. Nd1 Rb1 32. Ne3 Rxf1+ 33. Nxf1 Nf2+ 34. Kg1 Nxe4+ 35. Kh1 Nf6 36. g4 Nxd5 37. Kg2 f5 38. h4 fxg4 39. fxg4 Kf7 40. Kf3 e5 41. Ng3 Nf6 42. Bb4 Ke6 43. h5 gxh5 44. gxh5 d5 45. h6 e4+ 46. Kf4 Be5+ 47. Kg5 Bxg3 48. Ba3 Be5 49. Bc1 d4 50. Kh4 Kf5 51. Ba3 d3 52. Kh3 d2 53. Bc1 dxc1Q 54. Kg2 Qd2+ 55. Kf1 Ng4 56. Kg1 Qf2+ 57. Kh1 Qh2# 0-1

[Event "Titled Tuesday intern op 07th Jan Early"]
[Site "Chess.com INT"]
[Date "2025.01.07"]
[Round "2"]
[White "Ronka, Erik"]
[Black "Ivanova, Karina"]
[Result "1-0"]
[WhiteElo "2263"]
[BlackElo "2085"]
[PlyCount "55"]
[EventDate "2025.01.07"]
[EventType "swiss (blitz)"]
[EventRounds "11"]
[EventCountry "USA"]
[SourceTitle "CB03_2025"]
[SourceDate "2025.01.15"]
[SourceVersion "1"]
[SourceVersionDate "2025.01.15"]
[SourceQuality "1"]

1. d4 Nf6 2. c4 e6 3. Nc3 Bb4 4. a3 Bxc3+ 5. bxc3 c5 6. e3 d6 7. Bd3 e5 8. Ne2 Nc6 9. 0-0 b6 10. e4 Na5 11. f4 Qe7 12. fxe5 dxe5 13. Bg5 Ba6 14. Ng3 0-0-0 15. d5 Bxc4 16. Nh5 Rd6 17. Bxc4 Nxc4 18. Qe2 Na5 19. Rf2 Rg8 20. Raf1 Qd7 21. Bxf6 gxf6 22. Nxf6 Rxf6 23. Rxf6 Qg4 24. Qxg4+ Rxg4 25. Rxf7 Rxe4 26. Rxh7 Rf4 27. Rxf4 exf4 28. h4 1-0

[Event "FIN-chT 2425"]
[Site "Finland"]
[Date "2024.09.06"]
[Round "1.3"]
[White "Ronka, Erik"]
[Black "Nivala, Tuomas"]
[Result "1/2-1/2"]
[WhiteElo "2304"]
[BlackElo "2254"]
[PlyCount "97"]
[EventDate "2024.09.06"]
[EventType "team-tourn"]
[EventRounds "11"]
[EventCountry "FIN"]
[SourceTitle "EXT 2025"]
[Source "ChessBase"]
[SourceDate "2024.10.14"]
[SourceVersion "1"]
[SourceVersionDate "2024.10.14"]
[SourceQuality "1"]
[WhiteTeam "Turku TuTS"]
[BlackTeam "Jyvaskyla JyS"]
[WhiteTeamCountry "FIN"]
[BlackTeamCountry "FIN"]

1. e4 e5 2. Nf3 Nc6 3. Bb5 a6 4. Ba4 Nge7 5. c3 g6 6. d4 exd4 7. cxd4 b5 8. Bc2 d5 9. exd5 Nxd5 10. 0-0 Be6 11. Nc3 Bg7 12. Bg5 Nxc3 13. bxc3 Qd6 14. Be4 f5 15. Bc2 0-0 16. Re1 Bd5 17. Bb3 h6 18. Bf4 Qd7 19. Bxc7 Kh7 20. Be5 Bxf3 21. Qxf3 Nxe5 22. dxe5 Qc7 23. Qe3 Rac8 24. Rac1 f4 25. Qe4 Rf5 26. e6 Re5 27. Qc2 Rxe1+ 28. Rxe1 Qxc3 29. Qe2 Re8 30. Rd1 Re7 31. h3 Qe5 32. Qd2 Bf6 33. Qa5 f3 34. gxf3 Qg5+ 35. Kf1 Qf5 36. Kg2 Qg5+ 37. Kf1 Qf5 38. Qb4 Qxf3 39. Qg4 Qxg4 40. hxg4 Kg7 41. Rd6 Ra7 42. Ke2 Be7 43. Rd5 Kf6 44. Rd3 a5 45. Rf3+ Ke5 46. Re3+ Kf6 47. Rf3+ Ke5 48. Re3+ Kf6 49. Rf3+ 1/2-1/2

[Event "Titled Tuesday intern op 27th Aug Early"]
[Site "Chess.com INT"]
[Date "2024.08.27"]
[Round "7"]
[White "Ronka, Erik"]
[Black "Mejia, Cherry Ann"]
[Result "1-0"]
[WhiteElo "2305"]
[BlackElo "1968"]
[PlyCount "111"]
[EventDate "2024.08.27"]
[EventType "swiss (blitz)"]
[EventRounds "11"]
[EventCountry "USA"]
[SourceTitle "EXT 2025"]
[Source "ChessBase"]
[SourceDate "2024.10.14"]
[SourceVersion "1"]
[SourceVersionDate "2024.10.14"]
[SourceQuality "1"]

1. Nf3 d5 2. g3 Bg4 3. Bg2 c6 4. 0-0 Nd7 5. h3 Bh5 6. d3 e5 7. c4 Ngf6 8. Nc3 dxc4 9. dxc4 Bc5 10. g4 Bg6 11. Nh4 Nxg4 12. Nxg6 hxg6 13. Ne4 Ngf6 14. Nd6+ Bxd6 15. Qxd6 Qe7 16. Qc7 Nc5 17. Qa5 0-0 18. b3 b6 19. Qc3 Rac8 20. Ba3 Rfe8 21. Rad1 Nce4 22. Qb2 Qe6 23. Qc2 Ng5 24. Kh2 Rcd8 25. Bc1 Ngh7 26. Be3 Rxd1 27. Rxd1 e4 28. Bf4 Qf5 29. e3 g5 30. Bg3 g4 31. h4 Nh5 32. Rd6 g5 33. Qd2 Nxg3 34. fxg3 gxh4 35. gxh4 Qe5+ 36. Kg1 Qg3 37. Rxc6 Qxh4 38. Qf2 Qxf2+ 39. Kxf2 Ng5 40. Rc7 a5 41. Kg3 Rd8 42. Kf4 Ne6+ 43. Ke5 Nxc7 44. Bxe4 Ne6 45. Bd5 g3 46. Kf5 Rxd5+ 47. cxd5 g2 48. dxe6 g1Q 49. e7 Qf2+ 50. Ke5 Qxe3+ 51. Kd6 Qe6+ 52. Kc7 Qxe7+ 53. Kxb6 Qe5 54. b4 axb4 55. a4 b3 56. a5 1-0

[Event "Titled Tuesday intern op 27th Aug Early"]
[Site "Chess.com INT"]
[Date "2024.08.27"]
[Round "10"]
[White "Ronka, Erik"]
[Black "Ponizil, Cyril"]
[Result "0-1"]
[WhiteElo "2305"]
[BlackElo "2465"]
[PlyCount "102"]
[EventDate "2024.08.27"]
[EventType "swiss (blitz)"]
[EventRounds "11"]
[EventCountry "USA"]
[SourceTitle "EXT 2025"]
[Source "ChessBase"]
[SourceDate "2024.10.14"]
[SourceVersion "1"]
[SourceVersionDate "2024.10.14"]
[SourceQuality "1"]

1. Nf3 d6 2. d4 g6 3. e4 Bg7 4. Bc4 e6 5. Bb3 Nf6 6. Qe2 0-0 7. 0-0 a5 8. c3 a4 9. Bc2 Nc6 10. Nbd2 e5 11. Rd1 exd4 12. cxd4 Bg4 13. Nf1 Nd7 14. Be3 Nb4 15. Bb1 a3 16. bxa3 Rxa3 17. Qb2 Ra4 18. N1d2 c5 19. h3 Bxf3 20. Nxf3 Nc6 21. Bc2 Rb4 22. Qc3 Nb6 23. Rab1 Rc4 24. Qb3 cxd4 25. Bg5 Qc7 26. Bd3 Rb4 27. Qc2 Rc8 28. Rdc1 Rxb1 29. Rxb1 Nd7 30. Qe2 Nc5 31. Bc4 Re8 32. Bd5 h6 33. Bf4 Ne7 34. Bc4 g5 35. Bg3 Nc6 36. Bd5 Qe7 37. Nd2 d3 38. Qh5 Nd4 39. Bxd6 Ne2+ 40. Kh1 Qxd6 41. Qxf7+ Kh7 42. Qxe8 h5 43. Bg8+ Kh6 44. Bd5 Nd7 45. Qd8 Bf6 46. Qe8 Bg7 47. Rxb7 Nf6 48. Qf7 Qf8 49. Qxf8 Bxf8 50. Bc4 Bc5 51. Bxd3 Nf4 0-1

[Event "Titled Tuesday intern op 13th Aug Late"]
[Site "Chess.com INT"]
[Date "2024.08.13"]
[Round "1"]
[White "Ashraf, Artin"]
[Black "Ronka, Erik"]
[Result "1-0"]
[WhiteElo "2383"]
[BlackElo "2305"]
[PlyCount "71"]
[EventDate "2024.08.13"]
[EventType "swiss (blitz)"]
[EventRounds "11"]
[EventCountry "USA"]
[SourceTitle "EXT 2025"]
[Source "ChessBase"]
[SourceDate "2024.10.14"]
[SourceVersion "1"]
[SourceVersionDate "2024.10.14"]
[SourceQuality "1"]

1. Nc3 Nf6 2. e4 e5 3. Nf3 Nc6 4. Bb5 Bc5 5. 0-0 0-0 6. d3 d6 7. Na4 Bb6 8. c3 Ne7 9. h3 Kh8 10. Nxb6 axb6 11. Ba4 Ng6 12. Bc2 Qe7 13. d4 h6 14. Re1 Nh7 15. Be3 Rg8 16. Kh2 Ngf8 17. g3 g5 18. dxe5 dxe5 19. Nxe5 Qf6 20. Ng4 Bxg4 21. Qxg4 Ne6 22. e5 Qg7 23. a4 Nhf8 24. f4 Ng6 25. Bxg6 gxf4 26. gxf4 Qf8 27. f5 Nc5 28. Qh4 fxg6 29. Bxh6 Qxf5 30. Bg5+ Kg7 31. Bf6+ Kf7 32. Qh7+ Ke6 33. Qe7+ Kd5 34. Rad1+ Kc6 35. Rd6+ cxd6 36. Qxd6# 1-0